00421nam a22001572 4500001001100000005001700011008004100028040001500069100003200084245004100116250001300157260003000170300001200200651004800212852000300260000001174620151217155847.0090106s xx 000 0 eng d aKABUcKABU1 aSimpson, Alyse.@000016765510aRed dust of Africa /cAlyse Simpson. a1st ed. aLondon :bCassell,c1952. a200 p. 0aKenyaxSocial life and customs.@00001677461